[Event "Londrina op"]
[Site "Londrina"]
[Date "2024.11.10"]
[Round "6"]
[White "Zava, Paulo Jose Maroneze"]
[Black "Anwar, Zebian Nasser El Ka"]
[Result "0-1"]
[WhiteElo "1534"]
[BlackElo "1800"]
[PlyCount "74"]
[EventDate "2024.11.08"]
[EventType "swiss"]
[EventRounds "6"]
[EventCountry "BRA"]
[SourceTitle "CB45_2024"]
[Source "ChessBase"]
[SourceDate "2024.11.06"]
[SourceVersion "1"]
[SourceVersionDate "2024.11.06"]
[SourceQuality "1"]

1. d4 d5 2. e3 c5 3. c3 Nc6 4. f4 Nf6 5. Bd3 Bg4 6. Nf3 Ne4 7. Nbd2 f5 8. 0-0 e6 9. h3 Bxf3 10. Qxf3 Qh4 11. Qe2 Ng3 12. Qf2 Be7 13. Rd1 c4 14. Bc2 b5 15. Nf1 Nxf1 16. Rxf1 Qxf2+ 17. Rxf2 Bh4 18. Rf3 Kd7 19. g4 g6 20. a4 b4 21. Kf1 b3 22. Bd1 a5 23. Bd2 Be7 24. Rg3 h6 25. g5 hxg5 26. fxg5 Rh4 27. Kg2 Rah8 28. Be2 e5 29. Rh1 e4 30. Bc1 Bd6 31. Rg4 fxg4 32. Bxg4+ Ke7 33. Rf1 Rf8 34. Rxf8 Kxf8 35. Bc8 Rh5 36. h4 Rxh4 37. Be6 Ne7 0-1